000 00445nam a2200193Ia 4500
008 210210b2013 xxu||||| |||| 00| 0 eng d
020 _a8121919274
041 _aeng
082 _a346.065 PILB
100 _aPILLAI (R S N)
245 _aBusiness law
260 _aNew Delhi
_bS. Chand & Co. Ltd.
_c2013
300 _axvi,566
650 _alaw
650 _aBusiness
690 _aBusiness Law
700 _aBAGAVATHI
906 _a067102
999 _c149356
_d149356